000 00574cam a22001815a 4500
001 L156045
008 120426s1838 xxk f 000 0 eng d
035 _a(Sirsi) u156045
041 0 _aeng
100 1 _aCleghorn, James
245 0 0 _aSystem of agriculture
_bfrom the Encyclopaedia Britannica, seventh edition
260 _aEdinburgh
_bAdam & Charles Black
_c1838
300 _a[3], 252-356 p., [13] leaves of plates
_bill.
_c29 cm.
583 _aCondition reviewed
_c20120620
_lcondition level 3
651 4 _aGreat Britain
_y1707-
690 _aRural
_96268
942 _n0
999 _c114002
_d114002